000 04014cam a2200289 4500500
005 20260405004932.0
041 _afre
042 _adc
100 1 0 _aTchoumak, Irina
_eauthor
700 1 0 _aBoinette, Aurélien
_eauthor
700 1 0 _aDerlon, Anne
_eauthor
700 1 0 _aDirrenberger, Bastien
_eauthor
700 1 0 _aGronier, Olivier
_eauthor
700 1 0 _aHuppertz, Jérôme
_eauthor
700 1 0 _aLacroute, Joël
_eauthor
245 0 0 _aPrise en charge endoscopique des sténoses digestives : Quoi de neuf ?
260 _c2026.
500 _a3
520 _aL’endoscopie thérapeutique permet la prise en charge de la quasi-totalité des sténoses digestives. Les sténoses organiques concernent surtout l’œsophage, majoritairement d’origine peptique, post-radique et caustique. Le terrain du patient va être un facteur déterminant pour établir les facteurs de risque de complications.Une nouvelle catégorie de sténoses dites cicatricielles est apparue depuis le développement de la résection des tumeurs superficielles par dissection sous- muqueuse. Elles sont classées complexes et doivent être anticipées tant que possible, en adaptant les techniques et en initiant un protocole médico-interventionnel précoce. Les sténoses anastomotiques sont en général plus simples à prendre en charge, du fait du caractère focal du rétrécissement luminal. Les sténoses fonctionnelles incluent l’achalasie, le twist post-opératoire de la sleeve gastrectomie et le spasme pylorique survenant après certaines chirurgies. Leur prise en charge se fait à l’aide d’une dilatation pneumatique sous guidage radiologique ou par myotomie du muscle pylorique.Les sténoses consécutives à une maladie de Crohn rentrent dans une catégorie à part. La prise en charge endoscopique est bien codifiée et permet une épargne digestive chez des patients à risque de chirurgie itérative.La gestion des complications de ces gestes de calibrage est un point fondamental. L’opérateur doit pouvoir utiliser l’ensemble des outils mis à sa disposition et préalablement préparés avant la prise en charge du patient. L’essor technologique tend à optimiser le matériel disponible, avec des nouveautés à venir dans les prochaines années.
520 _aTherapeutic endoscopy can be used to treat almost all cases of digestive stenosis. Organic strictures are mainly located in the esophagus, including peptic, post radiation and chemical stenosis. The patient’s history is a key factor in evaluating the risk factors for complications. Access to resection of superficial tumors by submucosal dissection leads to a new category of post-therapeutic cicatricial stenosis. They are considered as complex strictures and must be anticipated by adapting resection techniques and applying early medical protocols. Anastomotic strictures are usually easier to manage because of their shortness. Functional stenoses include achalasia, post-operative sleeve gastrectomy twist and pyloric spasm occurring after certain surgeries. Their management is performed by pneumatic dilation using exclusive radiological guidance or by a myotomy of the pyloric muscle.Crohn’s disease strictures fall into a separate category and their indications are well known. Their endoscopic treatment allows digestive sparing in patients with risk of iterative surgery.The management of complications is a fundamental point. The operator must be able to use all the tools made available and prepared before treating the patient. Technological development tends to optimize equipment, with new features expected in the coming years.
690 _adilatation endoscopique
690 _asténoses digestives
690 _adigestive stricture
690 _aendoscopic dilatation
786 0 _nHépato-Gastro & Oncologie Digestive | 33 | 3 | 2026-03-31 | p. 313-321 | 2115-3310
856 4 1 _uhttps://stm.cairn.info/revue-hepato-gastro-oncologie-digestive-2026-3-page-313?lang=fr&redirect-ssocas=7080
999 _c2079593
_d2079593